The business of training : achieving success in changing world markets
Αποθηκεύτηκε σε:
| Κύριος συγγραφέας: | |
|---|---|
| Μορφή: | Βιβλίο |
| Γλώσσα: | English |
| Δημοσίευση: |
London : New York :
McGraw-Hill,
c1990
|
| Σειρά: | McGraw-Hill training series
|
| Θέματα: | |
| Ετικέτες: |
Προσθήκη ετικέτας
Δεν υπάρχουν, Καταχωρήστε ετικέτα πρώτοι!
|
MARC
| LEADER | 00000cam a2200000 i 4500 | ||
|---|---|---|---|
| 001 | 1/34079 | ||
| 008 | 950806s1990 eng d | ||
| 020 | |a 0077073282 | ||
| 035 | |l 10024048 | ||
| 040 | |a GR-MY-UA |b gre |e aacr | ||
| 041 | 0 | |a eng | |
| 082 | 0 | |a 658.3124 | |
| 100 | 1 | |a Bentley, Trevor J. | |
| 245 | 1 | 4 | |a The business of training : |b achieving success in changing world markets / |c Trevor Bentley |
| 260 | |a London : |a New York : |b McGraw-Hill, |c c1990 | ||
| 300 | |a xvii, 169 p.; |b ill.; |c 25 cm | ||
| 490 | 1 | |a McGraw-Hill training series | |
| 504 | |a Includes bibliographical references (p. [165]-166) and index | ||
| 650 | 0 | 0 | |a Employees |x Training of. |
| 830 | 0 | |a McGraw-Hill training series | |
| 852 | |a INST |b CHIOS |e 19950806 |h 658.3124 BEN |p 005200004529 |q 005200004529 |t BK |y 0 | ||
| 909 | |a Χ |b 031106 | ||